| 000 | 00435nam a2200181Ia 4500 | ||
|---|---|---|---|
| 001 | 19290 | ||
| 005 | 20260306172642.0 | ||
| 008 | 260306t1978||||xx |||||||||||||| ||spa|| | ||
| 041 | _aESP | ||
| 082 |
_a658.83 _bG79 |
||
| 100 |
_aGreen, Paul E.,1894-1981 _eAUT |
||
| 245 | 0 | _aInvestigaciones de mercadeo | |
| 260 | _c1978 | ||
| 300 |
_axiv, 669 páginas : _c24 cm. |
||
| 650 | _aGEN | ||
| 654 | _aCAN | ||
| 942 |
_cLIB _dJUS _fJUS _2ddc _n |
||
| 999 |
_c19290 _d19290 |
||